Ruby - Lyrics Twenty One Pilots - Statistiques

Statistiques générales
  • Ce quiz a été pris 19 fois
  • Le résultat moyen est 200 sur 242
Statistiques - réponses
Réponse % Correct
a
100%
an
100%
I
100%
me
100%
Ruby
100%
you
100%
You
100%
Your
100%
your
100%
you're
100%
You're
100%
all
93%
angel
93%
down
93%
fallen
93%
see
93%
Tell
93%
tell
93%
to
93%
are
86%
da
86%
For
86%
from
86%
high
86%
hope
86%
I've
86%
my
86%
of
86%
say
86%
sky
86%
the
86%
this
86%
us
86%
waited
86%
way
86%
week
86%
won't
86%
Won't
86%
But
79%
capture
79%
hand
79%
have
79%
How
79%
I'm
79%
pink
79%
red
79%
room
79%
shade
79%
sorry
79%
take
79%
walk
79%
where
79%
am
71%
call
71%
clouds
71%
dad
71%
eyes
71%
home
71%
In
71%
Land
71%
land
71%
our
71%
painted
71%
Queen
71%
royalty
71%
said
71%
she
71%
that
71%
they
71%
turned
71%
with
71%
arrival
64%
great
64%
please
64%
will
64%
cure
57%
has
57%
lead
57%
Promised
57%
soul
57%
key
50%
pure
50%
Shada
50%
We're
50%
and
43%
de
43%
hold
43%
true
43%
momma
36%
diseased
29%
dum
21%
Aucun quiz correspondant
Distribution des résultats
% des personnes avec chaque résultat
Percentile par nombre de réponses
Votre historique - résultats
Vous n’avez pas pris ce quiz